书目信息 |
| 题名: |
唐山大地震震害
|
|
| 作者: | 刘恢先 主编 | |
| 分册: | 第二册 | |
| 出版信息: | 北京 地震出版社 1986 |
|
| 页数: | 832页 | |
| 开本: | 26cm | |
| 丛书名: | ||
| 单 册: | ||
| 中图分类: | P315.9 | |
| 科图分类: | ||
| 主题词: | 大地震-地震灾害--唐山市--资料 , 地震灾害-大地震--唐山市--资料 | |
| 电子资源: | ||
| ISBN: | ||
| 000 | 00675nam0 2200241 45 | |
| 001 | 0186011002 | |
| 005 | 20061122085659.10 | |
| 010 | @b精装@dCNY16.00 | |
| 091 | @aCN@b13180.299 | |
| 100 | @a19900818d1986 kemy0chiy0121 ea | |
| 101 | 0 | @achi |
| 102 | @aCN@b110000 | |
| 105 | @af z 000yy | |
| 200 | 10 | @a唐山大地震震害@Atang shan da di zhen zhen hai@h第二册@f刘恢先主编 |
| 210 | @a北京@c地震出版社@d1986 | |
| 215 | @a832页@d26cm | |
| 606 | @a大地震-地震灾害@y唐山市@x资料 | |
| 606 | @a地震灾害-大地震@y唐山市@x资料 | |
| 690 | @aP315.9@v3 | |
| 701 | 0 | @a刘恢先@Aliu hui xian@4主编 |
| 801 | 2 | @aCN@bNLC@c20061122 |
| 801 | 0 | @aCN@bTSSF |
| 905 | @a10447@dP315.9@e31:2 | |
| 唐山大地震震害.第二册/刘恢先主编.-北京:地震出版社,1986 |
| 832页;26cm |
| ISBN (精装):CNY16.00 |
| ● |
| 相关链接 |
|
|
|
|
正题名:唐山大地震震害
索取号:P315.9/31:2
 
预约/预借
| 序号 | 登录号 | 条形码 | 馆藏地/架位号 | 状态 | 备注 |
| 1 | 0164137 | 000556464 | 第二样本阅览室/ [索取号:P315.9/31:2] | 在馆 |